Normal view
MARC view
- Cooke, Roger,
Entry Personal Name
001 - CONTROL NUMBER
- control field: 10507
003 - CONTROL NUMBER IDENTIFIER
- control field: NUST
005 - DATE AND TIME OF LATEST TRANSACTION
- control field: 20180524052109.0
008 - FIXED-LENGTH DATA ELEMENTS
- fixed length control field: 180524|| aca||aabn | a|a d
040 ## - CATALOGING SOURCE
- Original cataloging agency: NUST
- Transcribing agency: NUST
100 ## - HEADING--PERSONAL NAME
- Personal name: Cooke, Roger,
- Dates associated with a name: 1942-
670 ## - SOURCE DATA FOUND
- Source citation: Work cat.: (NUST)0: Zorich, V. A. (Vladimir Antonovich) 10506, Mathematical analysis /, c2004.
